MARC details
| 000 -CABECERA |
| campo de control de longitud fija |
04638nam a2200445 a 4500 |
| 001 - NÚMERO DE CONTROL |
| campo de control |
dia_6142 |
| 003 - IDENTIFICADOR DEL NÚMERO DE CONTROL |
| campo de control |
CHAP |
| 005 - FECHA Y HORA DE LA ÚLTIMA TRANSACCIÓN |
| campo de control |
20250528182020.0 |
| 007 - CAMPO FIJO DE DESCRIPCIÓN FÍSICA--INFORMACIÓN GENERAL |
| campo de control de longitud fija |
ta |
| 008 - DATOS DE LONGITUD FIJA--INFORMACIÓN GENERAL |
| campo de control de longitud fija |
220117s2002 mx d frm 001 0 spa d |
| 010 ## - NÚMERO DE CONTROL DE LA BIBLIOTECA DEL CONGRESO |
| Número de control de LC |
177327 |
| 040 ## - FUENTE DE LA CATALOGACIÓN |
| Centro/agencia transcriptor |
CHAP |
| Centro catalogador/agencia de origen |
mxchpua |
| Normas de descripción |
rda |
| 041 0# - CÓDIGO DE LENGUA |
| Código de lengua del texto/banda sonora o título independiente |
spa |
| Código de lengua del sumario o resumen |
eng |
| 090 ## - LOCALMENTE ASIGNADO TIPO-LC NÚMERO DE CLASIFICACIÓN (OCLC); NÚMERO DE CLASIFICACIÓN LOCAL (RLIN) |
| Número de clasificación (OCLC) (R) ; Numero de clasificación, CALL (RLIN) (NR) |
Tesis |
| Número cutter local (OCLC) ; Número de libro/Signatura topográfica íntegra, CALL (RLIN) |
A93 |
| año |
2002 |
| 100 1# - ENTRADA PRINCIPAL--NOMBRE DE PERSONA |
| Nombre de persona |
Ávalos Juárez, Tomás |
| 240 10 - TÍTULO UNIFORME |
| Título uniforme |
Development of a simulation model of the agroindustrial entrerprise for it's management. |
| Lenguaje de la obra |
Español |
| 245 10 - MENCIÓN DE TÍTULO |
| Título |
Desarrollo de un modelo de simulación de la empresa agroindustrial para su gestión / |
| Mención de responsabilidad, etc. |
Tomás Avalos Juárez |
| 264 ## - PRODUCCIÓN, PUBLICACIÓN, DISTRIBUCIÓN, FABRICACIÓN Y COPYRIGHT |
| Producción, publicación, distribución, fabricación y copyright |
Chapingo, México : |
| Nombre del de productor, editor, distribuidor, fabricante |
El autor, |
| Fecha de producción, publicación, distribución, fabricación o copyright |
2002 |
| 300 ## - DESCRIPCIÓN FÍSICA |
| Extensión |
v, 122 hojas : |
| Otras características físicas |
gráficas, diagramas, tablas |
| 336 ## - TIPO DE CONTENIDO |
| Fuente |
rdacontent |
| Término de tipo de contenido |
texto |
| Código de tipo de contenido |
txt |
| 337 ## - TIPO DE MEDIO |
| Fuente |
rdamedia |
| Nombre/término del tipo de medio |
no mediado |
| Código del tipo de medio |
n |
| 338 ## - TIPO DE SOPORTE |
| Fuente |
rdacarrier |
| Nombre/término del tipo de soporte |
volumen |
| Código del tipo de soporte |
nc |
| 502 ## - NOTA DE TESIS |
| Nota de tesis |
Tesis |
| Tipo de título |
(Ingeniero Agroindustrial) -- |
| Nombre de la institución que otorga el título |
UACh. Departamento de Ingeniería Agroindustrial, |
| Año de obtención del título |
2002 |
| 504 ## - NOTA DE BIBLIOGRAFÍA, ETC. |
| Nota de bibliografía, etc. |
Bibliografía: hojas 118-122 |
| 520 3# - SUMARIO, ETC. |
| Sumario, etc. |
La simulación es una técnica que muestra cómo construir modelos de una situación real, con la alternativa de realizar experimentos que, de otra forma, serian imposibles o demasiado costosos. En la actualidad existen múltiples aplicaciones de la simulación, los juegos de negocios son un tipo de simulación muy importante cuyo desarrollo se ha enfocado en la industria manufacturera la cual no maneja productos perecederos como en el caso de la Industria de alimentos, ésto crea la necesidad de identificar las variables que provocan un comportamiento diferente entre ambos tipos de industria, para plantear un modelo inicial de la empresa agroindustrial con base a las variables que determinan su comportamiento. Se realizó una revisión bibliográfica de los temas: modelos, simulación, juegos de negocios, el sistema empresa agroindustrial y modelos de gestión estratégica. Se elaboró y aplicó un formato de encuesta, se aplicó un análisis de componentes principales, se realizó un contraste entre variables de los dos tipos de industria y se planteó el modelo de gestión estratégica para una empresa agroindustrial. El modelo de la empresa agroindustrial está constituido por 19 variables dependientes, de las 56 variables independientes propuestas en el formato de encuesta 31 se incluyen en él; 14 afectan internamente a la empresa y 17 a su entorno, lo Cual da como resultado un modelo que difiere en su estructura al de la industria manufacturera y constituye una base para la generación de un juego de negocios. -- |
| 520 3# - SUMARIO, ETC. |
| Sumario, etc. |
Simulation is a technique which shows how to set up models of a real situation, whit the alternative of realizing test that in other way, should be impossible or too expensive. Now a days, there are a multiple applications of simulation, business games are a kind of simulation very important which development has been fowsed on the manufacturer industry which doesn't handle perishable products is in case of food industry, this create the need to identify the variables which cause a different behaviour between both kinds of industry to set up an initial model of the agroindustrial enterprise based on the variables that determine it's behaviour. It has been realized bibliographic review about the themes: models, simulation, business games, enterprise agroindustrial system and strategic management models. It has been work out and applied a suvey format, it has been applied an analysis of principal components. It has been realized a contrast between variables from both kinds of industry and set out the strategic management model for an agroindustrial enterprise. The model of the agroindustrial enterprise is set up by 19 dependent variables, from the 56 variables independent proposed in the survey format, 31 are included on it;, 19 affect internally the enterprise and 17 to it's environment, which gives as a result a model, that differ on it's structure from the one manufacturer industry and constitute a base for the generation of a business game. |
| 650 13 - PUNTO DE ACCESO ADICIONAL DE MATERIA--TÉRMINO DE MATERIA |
| Término de materia o nombre geográfico como elemento de entrada |
Empresas |
| Subdivisión general |
Modelos de simulación |
| Fuente del encabezamiento o término |
atg |
| 650 13 - PUNTO DE ACCESO ADICIONAL DE MATERIA--TÉRMINO DE MATERIA |
| Término de materia o nombre geográfico como elemento de entrada |
Modelos de gestión agrícola |
| Fuente del encabezamiento o término |
atg |
| 650 13 - PUNTO DE ACCESO ADICIONAL DE MATERIA--TÉRMINO DE MATERIA |
| Término de materia o nombre geográfico como elemento de entrada |
Agricultural management models |
| Fuente del encabezamiento o término |
atg |
| 650 13 - PUNTO DE ACCESO ADICIONAL DE MATERIA--TÉRMINO DE MATERIA |
| Término de materia o nombre geográfico como elemento de entrada |
Business enterprises |
| Subdivisión general |
Simulation models |
| Fuente del encabezamiento o término |
atg |
| 700 1# - PUNTO DE ACCESO ADICIONAL--NOMBRE DE PERSONA |
| Nombre de persona |
Pérez Pelayo, Fernando |
| Término indicativo de función/relación |
director |
| 700 1# - PUNTO DE ACCESO ADICIONAL--NOMBRE DE PERSONA |
| Nombre de persona |
Ponce Hernández, Pedro |
| Término indicativo de función/relación |
asesor |
| 700 1# - PUNTO DE ACCESO ADICIONAL--NOMBRE DE PERSONA |
| Nombre de persona |
Ybarra Moncada, Ma. Carmen |
| Término indicativo de función/relación |
asesora |
| 901 ## - ELEMENTOS DE DATOS A LOCAL LDA (RLIN) |
| a |
TESIS A93 2002 |
| 942 ## - ELEMENTOS DE PUNTO DE ACCESO ADICIONAL (KOHA) |
| Tipo de ítem Koha |
TESIS |
| Fuente del sistema de clasificación o colocación |
Clasificación Universidad Autónoma Chapingo |
| 902 ## - ELEMENTOS DE DATOS B LOCAL, LDB (RLIN) |
| a |
M |
| 905 ## - ELEMENTOS DE DATOS E LOCAL, LDE (RLIN) |
| a |
5232272002 mx nm 8223123322spa16 |